000 00471nam a2200169Ia 4500
999 _c28778
_d28778
003 OSt
005 20210111114932.0
008 190216s9999||||xx |||||||||||||| ||und||
040 _coclc
082 _a894.8123
_bSHA/A
100 _aSivadas, V R
_98142
245 0 _aAnangabhairavi /
_cV R Sivadas
260 _bZorba Publication,
_aPalakkad:
_c2005.
300 _a63p
650 _aNadakam
942 _cBK
_2ddc
_h894.8123
_iSIV/A
_k894.8123
_mSIV/A